[Event "FRA-ch U20"]
[Site "Agen"]
[Date "2024.04.20"]
[Round "8"]
[White "Mathez, Florian"]
[Black "Gryshko, Vitalii"]
[Result "0-1"]
[WhiteElo "2183"]
[BlackElo "2288"]
[PlyCount "60"]
[EventDate "2024.04.14"]
[EventType "swiss"]
[EventRounds "9"]
[EventCountry "FRA"]
[SourceTitle "CB17_2024"]
[SourceDate "2024.04.24"]
[SourceVersion "1"]
[SourceVersionDate "2024.04.24"]
[SourceQuality "1"]

1. e4 c5 2. Nf3 Nc6 3. Bb5 g6 4. 0-0 Bg7 5. c3 Nf6 6. Re1 0-0 7. h3 a6 8. Bxc6 bxc6 9. d4 cxd4 10. cxd4 d5 11. e5 Ne4 12. Nbd2 Bf5 13. g4 Be6 14. Nxe4 dxe4 15. Ng5 Bd5 16. Nxe4 f5 17. Nc3 Be6 18. g5 f4 19. Re4 Rf5 20. h4 f3 21. Be3 Qd7 22. Na4 Bd5 23. Nb6 Qe6 24. Nxd5 cxd5 25. Rg4 Rxe5 26. Qxf3 Rf8 27. Qg2 Rxe3 28. fxe3 Qxe3+ 29. Kh1 Rf3 30. Rf1 Rh3+ 0-1

[Event "FRA-ch U20"]
[Site "Agen"]
[Date "2024.04.17"]
[Round "5"]
[White "Gryshko, Vitalii"]
[Black "Pavee, Louis"]
[Result "1-0"]
[WhiteElo "2288"]
[BlackElo "2088"]
[PlyCount "121"]
[EventDate "2024.04.14"]
[EventType "swiss"]
[EventRounds "9"]
[EventCountry "FRA"]
[SourceTitle "CB17_2024"]
[SourceDate "2024.04.24"]
[SourceVersion "1"]
[SourceVersionDate "2024.04.24"]
[SourceQuality "1"]

1. b3 e6 2. Bb2 d5 3. e3 c5 4. Nf3 Nc6 5. Bb5 Bd7 6. 0-0 Nf6 7. Bxc6 Bxc6 8. Ne5 Bd6 9. f4 0-0 10. d3 Qe7 11. Nd2 Nd7 12. Nxc6 bxc6 13. e4 e5 14. f5 f6 15. Qf3 Qf7 16. g4 a5 17. a4 Nb6 18. Ba3 Qe7 19. c4 d4 20. Qg3 Rfb8 21. Nf3 Nd7 22. Rfb1 h6 23. h4 Kf8 24. g5 hxg5 25. hxg5 Ke8 26. g6 Kd8 27. Kf2 Kc7 28. Ke2 Kb6 29. Kd2 Ka6 30. Kc2 Rg8 31. Rh1 Qf8 32. Rh7 Rb8 33. Bc1 Qd8 34. Bd2 Nf8 35. Rh3 Nd7 36. Nh2 Qb6 37. Rb1 Qb7 38. Qe1 Qb6 39. Ng4 Qd8 40. Rh7 Nf8 41. Qh4 Be7 42. Nh2 Qe8 43. Rh5 Nd7 44. Nf1 Qd8 45. Rh7 Nf8 46. Ng3 Nd7 47. Nh5 Bf8 48. Kb2 Qb6 49. Ka2 Qd8 50. Qh2 Rb7 51. Rb2 Rb8 52. Bh6 Qe7 53. Qh1 Nb6 54. Rh2 Nd7 55. Nxg7 Bxg7 56. Bxg7 Rxg7 57. Rxg7 Qxg7 58. Rh7 Qf8 59. Rxd7 Rxb3 60. Qh7 Qb8 61. Ra7+ 1-0

[Event "FRA-ch U26"]
[Site "Bastia"]
[Date "2024.04.06"]
[Round "1"]
[White "Gryshko, Vitalii"]
[Black "Goudet, Florian"]
[Result "1-0"]
[WhiteElo "2288"]
[BlackElo "1199"]
[PlyCount "109"]
[EventDate "2024.04.06"]
[EventType "swiss"]
[EventRounds "9"]
[EventCountry "FRA"]
[SourceTitle "CB16_2024"]
[SourceDate "2024.04.17"]
[SourceVersion "1"]
[SourceVersionDate "2024.04.17"]
[SourceQuality "1"]

1. Nf3 c5 2. e4 Nc6 3. d4 cxd4 4. Nxd4 g6 5. c4 Bg7 6. Nc2 Nf6 7. Nc3 0-0 8. Be2 d6 9. 0-0 Be6 10. f4 Rc8 11. f5 Bd7 12. Be3 Ne5 13. b3 Bc6 14. Bd3 Nfd7 15. Rc1 Nxc4 16. Bxc4 Bxc3 17. Nd4 Bxd4 18. Qxd4 Ne5 19. Bh6 Qb6 20. Qxb6 axb6 21. Bxf8 Rxf8 22. fxg6 hxg6 23. Bd5 Kg7 24. Rc3 Ra8 25. a4 Ra5 26. Rd1 Kf8 27. Rd4 Ke8 28. Bxc6+ bxc6 29. Rb4 Ra6 30. Rd4 Kd7 31. Kf2 Ra8 32. h3 Rh8 33. b4 Ra8 34. Ra3 b5 35. a5 Kc7 36. Rc3 Kb7 37. g4 Rh8 38. Rd1 Ka6 39. Kg3 g5 40. Rh1 Rh4 41. Rf1 Rh7 42. Rf5 f6 43. Rxe5 dxe5 44. Rxc6+ Kb7 45. Rb6+ Ka7 46. Rxb5 Rh8 47. Rd5 Kb7 48. b5 Ra8 49. a6+ Kc7 50. h4 gxh4+ 51. Kxh4 Rh8+ 52. Kg3 Rh1 53. Rc5+ Kb6 54. Rc8 Kxb5 55. a7 1-0

[Event "FRA-ch U26"]
[Site "Bastia"]
[Date "2024.04.06"]
[Round "2"]
[White "Rollot, Florence"]
[Black "Gryshko, Vitalii"]
[Result "1/2-1/2"]
[WhiteElo "2010"]
[BlackElo "2288"]
[PlyCount "85"]
[EventDate "2024.04.06"]
[EventType "swiss"]
[EventRounds "9"]
[EventCountry "FRA"]
[SourceTitle "CB16_2024"]
[SourceDate "2024.04.17"]
[SourceVersion "1"]
[SourceVersionDate "2024.04.17"]
[SourceQuality "1"]

1. Nf3 c5 2. c4 Nc6 3. g3 g6 4. Bg2 Bg7 5. 0-0 e6 6. Nc3 Nge7 7. d3 0-0 8. Rb1 b6 9. a3 Bb7 10. Bf4 d6 11. Qc1 Nf5 12. b4 Qe7 13. Nb5 Rfd8 14. Bg5 f6 15. Bd2 cxb4 16. axb4 Rac8 17. e4 a6 18. exf5 axb5 19. fxe6 bxc4 20. dxc4 Ne5 21. Nxe5 Bxg2 22. Nxg6 hxg6 23. Kxg2 Qxe6 24. Qc2 Rxc4 25. Qd3 f5 26. Rfe1 Qf7 27. Bg5 Rd4 28. Qb5 Rb8 29. Kg1 Be5 30. Rbc1 f4 31. Rxe5 fxg3 32. hxg3 Rf8 33. Re2 Rd5 34. Qxb6 Rxg5 35. Qxd6 Qf3 36. Qe6+ Kh8 37. Rc5 Rxc5 38. bxc5 Rd8 39. Qe5+ Kg8 40. Re1 Rf8 41. Re2 Rd8 42. Re1 Rf8 43. Re2 1/2-1/2

[Event "Nancy Rapid op 22nd"]
[Site "Meurthe et Moselle"]
[Date "2024.02.18"]
[Round "3"]
[White "Brunner, Nicolas"]
[Black "Gryshko, Vitalii"]
[Result "0-1"]
[WhiteElo "2414"]
[BlackElo "2283"]
[PlyCount "110"]
[EventDate "2024.02.18"]
[EventType "swiss (rapid)"]
[EventRounds "9"]
[EventCountry "FRA"]
[SourceTitle "CB08_2024"]
[SourceDate "2024.02.21"]
[SourceVersion "1"]
[SourceVersionDate "2024.02.21"]
[SourceQuality "1"]

1. d4 Nf6 2. c4 e6 3. Nf3 b6 4. g3 Bb7 5. Bg2 Be7 6. 0-0 0-0 7. Nc3 Ne4 8. Bd2 f5 9. Ne5 Nxc3 10. Bxc3 Bxg2 11. Kxg2 d6 12. Nd3 c5 13. Nf4 Qc8 14. d5 e5 15. Ne6 Rf7 16. e4 fxe4 17. Qg4 Nd7 18. Qxe4 Nf8 19. f4 Nxe6 20. dxe6 Rf8 21. f5 a6 22. a4 Rb8 23. b3 Qb7 24. Qxb7 Rxb7 25. g4 g6 26. Rad1 gxf5 27. gxf5 Rf6 28. Rd3 b5 29. axb5 axb5 30. Rg3+ Kh8 31. Kh1 bxc4 32. bxc4 Bf8 33. Bd2 h6 34. Ra3 Re7 35. Ra8 Kh7 36. Kg2 Rg7+ 37. Kh3 Be7 38. Re8 Rf8 39. Rxf8 Bxf8 40. f6 Rb7 41. e7 Bxe7 42. fxe7 Rxe7 43. Rf6 e4 44. Rxh6+ Kg7 45. Rxd6 e3 46. Be1 Re4 47. Rd3 Kg6 48. Rc3 Kf5 49. Kg3 Ke5 50. Kf3 Kd4 51. Rc1 Re8 52. h4 Rf8+ 53. Ke2 Rg8 54. Rd1+ Ke4 55. Rd8 Rxd8 0-1

[Event "Titled Tuesday intern op 06th Feb Late"]
[Site "Chess.com INT"]
[Date "2024.02.06"]
[Round "2"]
[White "Gryshko, Vitalii"]
[Black "Lukina, Alexandra"]
[Result "1-0"]
[WhiteElo "2283"]
[BlackElo "1899"]
[PlyCount "97"]
[EventDate "2024.02.06"]
[EventType "swiss (blitz)"]
[EventRounds "11"]
[EventCountry "USA"]
[SourceTitle "CB07_2024"]
[SourceDate "2024.02.14"]
[SourceVersion "1"]
[SourceVersionDate "2024.02.14"]
[SourceQuality "1"]

1. c4 e5 2. Nc3 Nf6 3. Nf3 Nc6 4. g3 d5 5. cxd5 Nxd5 6. d3 Be7 7. Bg2 Nb6 8. b3 0-0 9. Bb2 Be6 10. 0-0 f5 11. Rc1 Bf6 12. Nd2 Qd7 13. a4 Nd5 14. Nc4 Rab8 15. Qc2 Nd4 16. Qd1 c5 17. e3 Nc6 18. Nxd5 Bxd5 19. e4 Be6 20. Ne3 Nb4 21. exf5 Bxf5 22. Nxf5 Qxf5 23. Be4 Qc8 24. Qh5 g6 25. Bxg6 hxg6 26. Qxg6+ Bg7 27. Bxe5 Rf7 28. Bxb8 Qxb8 29. Rxc5 Nc6 30. Rh5 Rf6 31. Qh7+ Kf8 32. Rg5 Rf7 33. Re1 Qd8 34. h4 Qd4 35. Rf5 Qd7 36. Rxf7+ Qxf7 37. Qe4 Ne5 38. Kg2 Nc6 39. b4 Nd4 40. h5 Nc6 41. Rh1 Bh6 42. Re1 Bg7 43. Qg6 Qd5+ 44. Re4 Ne5 45. Qf5+ Kg8 46. h6 Bxh6 47. Qxe5 Qxd3 48. Qe6+ Kh7 49. Rg4 1-0

[Event "FRA-ch U18"]
[Site "Agen"]
[Date "2023.04.28"]
[Round "7"]
[White "Lamaze, Simon"]
[Black "Gryshko, Vitalii"]
[Result "1-0"]
[WhiteElo "2363"]
[BlackElo "2191"]
[PlyCount "99"]
[EventDate "2023.04.23"]
[EventType "swiss"]
[EventRounds "9"]
[EventCountry "FRA"]
[SourceTitle "CBM 214 Extra"]
[Source "ChessBase"]
[SourceDate "2023.07.31"]
[SourceVersion "1"]
[SourceVersionDate "2023.07.31"]
[SourceQuality "1"]

1. d4 Nf6 2. c4 e6 3. Nf3 Bb4+ 4. Bd2 a5 5. a3 Bxd2+ 6. Nbxd2 d5 7. Qc2 0-0 8. g3 Nc6 9. Bg2 dxc4 10. Qxc4 e5 11. dxe5 Ng4 12. Qc3 Qe7 13. Nc4 Qc5 14. 0-0 b5 15. Ncd2 Qxc3 16. bxc3 Rb8 17. Nd4 Ncxe5 18. h3 Nf6 19. Rab1 Ba6 20. f4 Ned7 21. Nc6 Rbe8 22. e4 Nb6 23. Rfc1 Bb7 24. e5 Bxc6 25. Bxc6 Rd8 26. Nf1 Nfd5 27. Rxb5 Ne7 28. Be4 a4 29. Rc5 Rd7 30. Ne3 Rfd8 31. Rc2 h6 32. Kf2 Rd2+ 33. Rxd2 Rxd2+ 34. Kf3 c6 35. Nc4 Nxc4 36. Rxc4 f5 37. exf6 gxf6 38. Bxc6 Rd3+ 39. Kf2 Rd2+ 40. Ke3 Ra2 41. Bxa4 Rxa3 42. Bd7 Kf7 43. f5 Ra1 44. Be6+ Ke8 45. Rh4 Ra6 46. Ke4 Kf8 47. Rxh6 Kg7 48. Rh4 Ra4+ 49. c4 Nxf5 50. Kxf5 1-0

[Event "Vandoeuvre op 19th"]
[Site "Vandoeuvre"]
[Date "2022.12.18"]
[Round "1"]
[White "Gryshko, Vitalii"]
[Black "Solodovnichenko, Yuri"]
[Result "0-1"]
[WhiteElo "2144"]
[BlackElo "2522"]
[PlyCount "116"]
[EventDate "2022.12.18"]
[EventType "swiss"]
[EventRounds "9"]
[EventCountry "FRA"]
[SourceTitle "CBM 211 Extra"]
[Source "ChessBase"]
[SourceDate "2023.01.31"]
[SourceVersion "1"]
[SourceVersionDate "2023.01.31"]
[SourceQuality "1"]

1. e4 c5 2. Nf3 d6 3. Bb5+ Nd7 4. 0-0 a6 5. Bd3 e5 6. c4 g6 7. Nc3 Bg7 8. Rb1 Ne7 9. Bc2 0-0 10. b4 f5 11. Ng5 Nf6 12. bxc5 dxc5 13. Na4 h6 14. Nf3 fxe4 15. Nxe5 b5 16. cxb5 axb5 17. Rxb5 Ba6 18. Rxc5 Bxf1 19. Qxf1 Kh7 20. Qc4 Qd6 21. d4 exd3 22. Qxd3 Qxd3 23. Nxd3 Rfd8 24. Rc4 Nf5 25. Bb2 Rdc8 26. Rxc8 Rxc8 27. Bb3 Ne4 28. Bxg7 Kxg7 29. f3 Nd2 30. Nac5 Nxb3 31. axb3 Ra8 32. Nc1 Ra1 33. N5d3 Nd4 34. Kf2 Rb1 35. g4 Nxb3 36. Nxb3 Rxb3 37. Nc5 Rb2+ 38. Kg3 Kf6 39. h4 Rc2 40. g5+ Kf5 41. Nb3 Rb2 42. Nd4+ Ke5 43. Nc6+ Kd6 44. Na5 Rb5 45. Nc4+ Kd5 46. Ne3+ Kd4 47. Ng4 h5 48. Nf2 Rf5 49. Nd1 Ra5 50. Nf2 Rf5 51. Kg2 Ke3 52. Nd1+ Kd2 53. Nf2 Ke2 54. Nh3 Ke3 55. Ng1 Ra5 56. Nh3 Ra1 57. Kg3 Rf1 58. f4 Rf3+ 0-1

[Event "Mukachevo Christmas op U16"]
[Site "Mukachevo"]
[Date "2020.01.12"]
[Round "8"]
[White "Smykalo, Severyn"]
[Black "Gryshko, Vitalii"]
[Result "1/2-1/2"]
[WhiteElo "1831"]
[BlackElo "1935"]
[PlyCount "111"]
[EventDate "2020.01.09"]
[EventType "swiss"]
[EventRounds "9"]
[EventCountry "UKR"]
[SourceTitle "CBM 195 Extra"]
[Source "ChessBase"]
[SourceDate "2020.05.31"]
[SourceVersion "1"]
[SourceVersionDate "2020.05.31"]
[SourceQuality "1"]

1. e4 g6 2. d4 Bg7 3. c4 Nc6 4. Nf3 e5 5. d5 Nd4 6. Nxd4 exd4 7. Bd3 c5 8. 0-0 d6 9. f4 Ne7 10. Qe2 Qc7 11. Re1 f6 12. Nd2 0-0 13. h3 Bd7 14. Nf3 Rae8 15. Bd2 h6 16. Qf2 b5 17. b3 bxc4 18. Bxc4 Kh7 19. Rac1 Bc8 20. b4 Bb7 21. bxc5 dxc5 22. Bb3 Qb6 23. Rb1 Qc7 24. Rec1 Qd6 25. Qg3 Bc8 26. Re1 Qc7 27. Rec1 Qd6 28. Qh2 Ng8 29. Re1 Qc7 30. Rbc1 Qb6 31. Qg3 Ne7 32. Bc4 Rd8 33. Rb1 Qc7 34. Rb5 a6 35. Ba5 axb5 36. Bxc7 bxc4 37. Bb6 Rfe8 38. Bxc5 d3 39. Bb6 Rd6 40. Bc5 Ra6 41. Nd2 Ra5 42. Nxc4 Rxc5 43. Nd6 d2 44. Rf1 Ba6 45. Qe3 Bxf1 46. Qxd2 Rb8 47. Kxf1 f5 48. Nf7 fxe4 49. d6 Nc6 50. Kg1 Rf5 51. Qc1 Bd4+ 52. Kh2 Rc5 53. Qd1 Kg7 54. Ne5 Rd5 55. Nxc6 Rb6 56. Nxd4 1/2-1/2

[Event "Mukachevo Christmas op U16"]
[Site "Mukachevo"]
[Date "2020.01.10"]
[Round "4"]
[White "Khayrullin, Oleksandr"]
[Black "Gryshko, Vitalii"]
[Result "0-1"]
[WhiteElo "1525"]
[BlackElo "1935"]
[PlyCount "108"]
[EventDate "2020.01.09"]
[EventType "swiss"]
[EventRounds "9"]
[EventCountry "UKR"]
[SourceTitle "CBM 195 Extra"]
[Source "ChessBase"]
[SourceDate "2020.05.31"]
[SourceVersion "1"]
[SourceVersionDate "2020.05.31"]
[SourceQuality "1"]

1. e4 g6 2. d4 Bg7 3. Nf3 c6 4. Be2 d5 5. e5 Bg4 6. Nbd2 e6 7. h3 Bxf3 8. Nxf3 h6 9. b3 Ne7 10. 0-0 c5 11. c3 cxd4 12. cxd4 Nbc6 13. Be3 Nf5 14. Qd2 0-0 15. Bf4 f6 16. g4 fxe5 17. dxe5 Nh4 18. Nd4 Nxe5 19. Bxe5 Bxe5 20. Nxe6 Qf6 21. Nxf8 Bxa1 22. Nd7 Qf3 23. Bxf3 Nxf3+ 24. Kg2 Nxd2 25. Rxa1 Rd8 26. Ne5 Kg7 27. f3 Rc8 28. Kg3 Rc3 29. Kf2 Kf6 30. Re1 d4 31. h4 b5 32. f4 h5 33. Re2 Nb1 34. Rb2 Na3 35. Rd2 Nc2 36. gxh5 gxh5 37. Nf3 d3 38. Ne5 Nd4 39. Nxd3 Kf5 40. Ke3 Nc2+ 41. Kf2 Ke4 42. Nc1 Rf3+ 43. Ke2 Re3+ 44. Kf2 Nd4 45. Kg2 Nf5 46. Ne2 Nxh4+ 47. Kf2 Rf3+ 48. Ke1 Ke3 49. Kd1 Rf1+ 50. Kc2 Nf3 51. Ng3 Nxd2 52. Nxf1+ Nxf1 53. f5 Ng3 54. f6 Nf5 0-1